000 00565cam a2200193 4500500
005 20260405002258.0
041 _afre
042 _adc
100 1 0 _aLegros, Martin
_eauthor
245 0 0 _aVers une ville sans voitures ?
260 _c2016.
500 _a80
690 _aLiberté
690 _aPeter Sloterdijk
690 _aVille
690 _aVoiture
786 0 _nPhilosophie magazine | 103 | 10 | 2016-10-01 | p. 12-12 | 1951-1787
856 4 1 _uhttps://shs.cairn.info/magazine-philosophie-magazine-2016-10-page-12?lang=fr&redirect-ssocas=7080
999 _c2056184
_d2056184